The Reformation (Record no. 123851)
[ view plain ]
| 000 -LEADER | |
|---|---|
| fixed length control field | 00489nam a22001577a 4500 |
| 008 - FIXED-LENGTH DATA ELEMENTS--GENERAL INFORMATION | |
| fixed length control field | 151208b xxu||||| |||| 00| 0 eng d |
| 020 ## - INTERNATIONAL STANDARD BOOK NUMBER | |
| International Standard Book Number | 9780199231317 |
| 050 ## - LIBRARY OF CONGRESS CALL NUMBER | |
| Classification number | BR305.2.M369 |
| 100 ## - MAIN ENTRY--PERSONAL NAME | |
| Personal name | Marshall, Peter |
| 9 (RLIN) | 21255 |
| 245 ## - TITLE STATEMENT | |
| Title | The Reformation |
| Remainder of title | a very short introduction |
| Statement of responsibility, etc | Peter Marshall |
| 260 ## - PUBLICATION, DISTRIBUTION, ETC. (IMPRINT) | |
| Place of publication, distribution, etc | Oxford |
| Name of publisher, distributor, etc | Oxford University Press |
| Date of publication, distribution, etc | 2009 |
| 300 ## - PHYSICAL DESCRIPTION | |
| Extent | xii, 153p. ; |
| Dimensions | 18cm. |
| 440 ## - SERIES STATEMENT/ADDED ENTRY--TITLE | |
| Title | a very short introduction |
| 9 (RLIN) | 19891 |
| 650 ## - SUBJECT ADDED ENTRY--TOPICAL TERM | |
| Topical term or geographic name as entry element | Reformation |
| 9 (RLIN) | 21256 |
| 942 ## - ADDED ENTRY ELEMENTS (KOHA) | |
| Source of classification or shelving scheme | Library of Congress Classification |
| Item type | Monograph ( Printed materials) |
| Withdrawn status | Lost status | Source of classification or shelving scheme | Damaged status | Not for loan | Collection code | Home library | Current library | Shelving location | Date acquired | Total Checkouts | Full call number | Barcode | Date last seen | Date last borrowed | Price effective from | Koha item type |
|---|---|---|---|---|---|---|---|---|---|---|---|---|---|---|---|---|
| Library of Congress Classification | Main Collection | ARRUPE LIBRARY | ARRUPE LIBRARY | Main Collection | 08/12/2015 | 4 | BR305.2.M369 | 46500005576 | 20/02/2018 | 15/02/2018 | 08/12/2015 | Monograph ( Printed materials) |